000 00592nam a22001697a 4500
008 161008b xxu||||| |||| 00| 0 eng d
020 _a0130610461
050 _aLB 1576 .T655 2002
100 _aTompkins, Gail E.
245 _aLanguage Arts:
_bcontent and teaching strategies/
_cGail E. Tompkins
250 _a5th ed.
260 _aUpper Saddle River, NJ:
_bMerrill, Prentice Hall,
_c2002
300 _axix, 653p. :
_bill. ;
500 _aIncludes bibliographical references and index.
650 _aLanguage arts (Elementary)
942 _2lcc
_cBOOKS
_hLB 1576 .T655 2002
999 _c14789
_d14789